000 01959nam a22003137a 4500
005 20100826122442.0
008 090109t xxu||||| |||| 00| 0urd d
010 _aUR-7918 ,B-429120-124
020 _c100.00
_a9788182238022
035 _aU-6473 ,B-429120-124
037 _bDBAD/PUB
040 _aDPL
_burd
082 _aک
100 _912785
_aمحمد بشیر ما لیر کو ٹلو ی
245 _aجگنو شہر /
_b
_cمحمد بشیر ما لیر کو ٹلو ی
246 _aJugnu Shehar
_bby Mohd Bashir Malerkotlvi
260 _aدہلی
_c2011
_bایجوکیشنل پبلشنگ ہاؤس
270 _a3108,Vakil Street, Kucha Pandit,Lal Kuan
_bDelhi
_e110006
_mwww.ephbooks.com
_k011-23216162
_l0091-11-23211540
300 _a100 ص
_c22 س م (Hb)
650 _912786
700 _934961
942 _2ddc
_cUR
_hک
_mم ح م
999 _c57224
_d57224